Tabela Serie A sezon 2011/2012 - Statystyki

Ogólne statystyki
  • Ten quiz został rozwiązany 153 razy
  • Średni wynik to 13 z 20
Statystyki odpowiedzi
msc pkt # klub % Poprawnych
1 84 Juventus
100%
6 58 Inter
99%
2 80 M Milan
99%
5 61 P Napoli
98%
7 56 Roma
95%
4 62 Lazio
89%
12 46 B Atalanta
85%
13 46 Fiorentina
78%
17 42 Genoa
78%
8 56 Parma
76%
3 64 Udinese
73%
9 51 Bologna
65%
16 43 Palermo
63%
10 49 Chievo
58%
15 43 Cagliari
57%
18 36 Lecce
44%
11 48 Catania
29%
14 44 B Siena
12%
20 22 Cesena
11%
19 32 B Novara
9%
Nie znaleziono quizów pasujących do podanych kryteriów
Rozkład punktacji
Procent ludzi z każdym wynikiem
Percentyl według liczby udzielonych odpowiedzi
Twoja historia wyników
Nie rozwiązałeś tego quizu